000 00713nam a2200217 a 4500
001 000002278
005 20240412074200.0
008 090701s2006 dr 000 p spa d
020 _a9945420089
040 _aDO-SdBNP
_bspa
_cBNPHU
082 _aRD861.44
_bM827c
100 1 _aMora Serrano, Manuel,
_c1933-
_d1933-
_95162
245 1 0 _aCelebración del vino oscuro y otros poemas /
_cManuel Mora Serrano.
260 _aSanto Domingo :
_bAngeles de Fierro,
_c2006.
300 _a62 p. ;
_c18 cm.
500 _aIncluye datos Biográficos del autor en la solapa
590 _aInventariado, 2018/VM
650 0 _aPoesía dominicana
_966
650 0 _aLiteratura dominicana.
_967
910 _aJornada de catalogación
999 _c2123
_d2123